Microsoft works on the IBM PC release 2.0

Bibliographic Details
Main Author: O'Leary, Timothy J
Other Authors: O'Leary, Linda I, Williams, Brian K
Format: Book
Published: California : Mitchell Publishing,Inc. , 1991
Subjects:

MARC

LEADER 00000cam a2200000 7i4500
001 0000009852
002 000010730
005 20000330.0
020 |a 007048807X 
090 0 0 |a 005.369   |b OLE 
100 1 |a O'Leary, Timothy J 
245 1 0 |a Microsoft works on the IBM PC release 2.0   |c Timothy J. O'Leary, Brian K. Williams and Linda I. O'Leary 
260 |a California :   |b Mitchell Publishing,Inc. ,   |c 1991 
300 |a 400p. ;   |c 25cm. 
650 0 0 |a Database management   |x Software 
650 0 0 |a Integrated software   |x Software IT 
650 0 0 |a Microsoft Works(Computer program) 
700 1 |a O'Leary, Linda I 
700 1 |a Williams, Brian K 
999 |a 053043   |b BUKU   |c PINJAMAN   |e PERPUSTAKAAN KOMUNITI PETALING JAYA